Kubula a Kuba Kubikula

Další autoři: Celba, Jaroslav, 1924-2013, Haničinec, Petr, 1930-2007, Krejčí, Kateřina, 1958-, Kšajtová, Marie, 1937-, Smetana, Zdeněk, 1925-2016, Vančura, Vladislav, 1891-1942
Jazyk: Čeština
Vydáno: [Praha] : Česká televize, 2005, c1986
Témata:
DVD
Fyzický popis: 1 videodisk (DVD) (58 min.) : zvuk., barev.
Video
Uloženo v:
LEADER 02073ngm a2200433 a 4500
001 000847739
003 CZ BrMZK
005 20180820111429.0
008 070412s2006 xr ||||es|||||||||??cze d
040 |a BOA001  |b cze 
072 7 |a 821-93  |x Literatura pro děti a mládež (beletrie)  |2 Konspekt  |9 26 
072 7 |a 821.162.3-3  |x Česká próza  |2 Konspekt  |9 25 
080 |a 821.162.3-34  |2 MRF 
080 |a (0:82-34)  |2 MRF 
080 |a (084.122.053.2)  |2 MRF 
080 |a (0.034.44)  |2 MRF 
245 0 0 |a Kubula a Kuba Kubikula  |h [videozáznam] /  |c námět Vladislav Vančura ; scénář Marie Kšajtová ; výtvarník a režisér Zdeněk Smetana 
256 |a Data (3,31 GB) 
260 |a [Praha] :  |b Česká televize,  |c 2005, c1986 
300 |a 1 videodisk (DVD) (58 min.) :  |b zvuk., barev. 
500 |a Hudba Jaroslav Celba 
500 |a Příloha k časopisu Země pohádek č. 3/2006, březen 
505 0 0 |t Za časů ušatých čepic --  |t S Barbuchou po světě --  |t Ve Vařečkách a Hrncích --  |t Kuba, Kubula a Barbucha ve vězení --  |t Barbucha jde strašit Randu --  |t Je bláhové nepřestat v pravý čas --  |t Jak všichni zůstali spolu 
508 |a Dramaturg Kateřina Krejčí 
511 0 |a Vypráví Petr Haničinec 
518 |a Vyrobil Krátký film Praha, Studio Jiřího Trnky Filmové laboratoře Barrandov, závod Praha v letech 1985-1986 
655 7 |a české pohádky  |7 fd133970  |2 czenas 
655 7 |a filmy pro děti a mládež  |7 fd118957  |2 czenas 
655 7 |a DVD  |7 fd186912  |2 czenas 
700 1 |a Celba, Jaroslav,  |d 1924-2013  |7 xx0016226  |4 cmp 
700 1 |a Haničinec, Petr,  |d 1930-2007  |7 jn19981001403  |4 stl 
700 1 |a Krejčí, Kateřina,  |d 1958-  |7 xx0175734  |4 adp 
700 1 |a Kšajtová, Marie,  |d 1937-  |7 jk01070219  |4 sce 
700 1 |a Smetana, Zdeněk,  |d 1925-2016  |7 jk01120063  |4 art  |4 drt 
700 1 |a Vančura, Vladislav,  |d 1891-1942  |7 jk01141424  |4 ant 
910 |a BOA001  |b CDR-1197.615 
990 |a VI 
991 |b 200801 
996 6 |b 2610330357  |c CDR-1197.615  |l Stud. periodik/2.patro  |r Sklad / do 1 hodiny  |n 0  |p p.v.  |w 000847739  |u 000010  |a 1  |e BOA001  |j MZK50  |s P